| 000 | 01414nam0a22003371 4500 | ||
|---|---|---|---|
| 001 | v19\rc\1951900 | ||
| 005 | 20251118180923.3 | ||
| 035 | _a(NLR Aleph) 005036695 | ||
| 090 |
_a6749342 _c6749342 |
||
| 100 | _a20080428d1913 |||y0rusy50 ca | ||
| 101 | 0 | _arus | |
| 102 | _aRU | ||
| 105 | _aa z ||||| | ||
| 200 | 1 |
_aМоя первая книга обо всем _fСост. М.А. Лятский |
|
| 210 |
_aСанкт-Петербург _aМосква _cт-во М.О. Вольф _d1913 _eСанкт-Петербург |
||
| 215 |
_a48 с. _cил. _d25 |
||
| 300 | _aНа обл. авт. не указан | ||
| 300 | _aВышло в 6 вып. | ||
| 311 | _aБеспл. прил. к журн. "Задушев. слово" для мл. возраста. 1913, т. 53, № 46, 48, 49, 51, 52 | ||
| 316 |
_aЭкз. РНБ (П29/250): приплетено... _5NLR: П29/250 |
||
| 422 | 0 | _12001#$aЗадушевное слово для младшего возраста$v1913, т. 53, № 46, 48, 49, 51, 52 | |
| 482 | 0 | _12001#$aЗадушевное слово для младшего возраста$v1913, т. 53, № 46, 48, 49, 51, 52 | |
| 700 | 1 |
_aЛятский _bМ. А. _4220 |
|
| 801 | 0 |
_aRU _bNLR _gpsbo |
|
| 801 | 0 |
_aRU _bRuMoRGB _2psbo |
|
| 801 | 1 |
_aRU _bProSoft-M _2rusmarc |
|
| 852 |
_aNLR _jП29/250 |
||
| 852 |
_aNLR _bМф _jП-1/4728 |
||
| 899 |
_aRuMoRGB _jW 190/51 |
||
| 942 | _cBOOK | ||
| 980 | _aNB | ||